| 000 | 01125nam a2200313 a 4500 | ||
|---|---|---|---|
| 003 | OSt | ||
| 005 | 20250625114650.0 | ||
| 008 | |||
| 020 | _a9780128020289 (paperback) | ||
| 024 | _cUSD 79 | ||
| 040 |
_cNUST _aNUST _beng _dNUST _erda |
||
| 050 | _aHV6432.4 BUL | ||
| 100 | 1 |
_aBullock, Jane R. _eAuthor |
|
| 245 | 1 | 0 |
_aIntroduction to Homeland security : _bprinciples of all hazards risk management / _cJane A. Bullock, George D. Haddow and Damon P. Coppola. |
| 250 | _aFifth edition. | ||
| 260 |
_aAmsterdam : _bElsevier, _c©2016. |
||
| 300 |
_axvii, 741 pages : _bIllustrations ; _c24 cm. |
||
| 336 |
_2rdacontent _atext _btxt |
||
| 337 |
_2rdamedia _aunmediated _bn |
||
| 338 |
_2rdacarrier _avolume _bnc |
||
| 504 | _aIncludes bibliographical references and index. | ||
| 650 | 1 | _vCivil defense. | |
| 650 | 1 | _vCivil defense -- United States. | |
| 650 | 1 | _vNational security. | |
| 650 | 1 | _vEmergency management. | |
| 700 |
_aCoppola, Damon P. _eAuthor |
||
| 700 |
_aHaddow, George D. _eAuthor |
||
| 942 |
_cBOOKS _kHV _mBUL _2lcc _eFifth edition. _hHV6432.4 BUL _n0 |
||
| 999 |
_c167572 _d167572 |
||